Oxidative stress leads to inhibition of mevalonate pathway in Hevea brasiliensis (Record no. 64548)

MARC details
000 -LEADER
fixed length control field 01923nam a2200217Ia 4500
100 ## - MAIN ENTRY--AUTHOR NAME
Personal name Krishnakumar R
245 #0 - TITLE STATEMENT
Title Oxidative stress leads to inhibition of mevalonate pathway in Hevea brasiliensis
260 ## - PUBLICATION, DISTRIBUTION, ETC. (IMPRINT)
Name of publisher National Symposium on Metabolic Pathway Studies for Crop Improvement December 13-15, 2001. p68 : Abstracts
Year of publication 2001
520 ## - SUMMARY, ETC.
Summary, etc Mevalonate pathway is widely present in both plant and animal kingdoms. There are over 2000 species of latex producing plants that have this pathway. Hevea brasiliensis is the only major source of natural rubber (cis-poly isoprene). The conversion of mevalonate into poly isoprene occurring in the bark tissue of this tree species is a extremely energy consuming process. Although this pathway is inherently present and active in Hevea, in a small percentage of the trees the mevalonate pathway gets completely inhibited resulting in a physiological disorder called tapping panel dryness(TPD) syndrome. Our studies reveal that lack of availability of carbohydrates was not a limiting factor but there was inadequate supply of ATP for the conversion of sugars into isoprene in TPD affected trees. We further show that although the ATP status was small, the rate or respiration was large in TPD affected tissues. This increase in respiration was largely due to an increase in the alternative oxidase (AO) activity which is far less efficient than the normal cytochrome pathway for synthesizing ATP. In conclusion we show that the complete inhibition of mevalonate pathway noticed in some Hevea trees termed TPD is essentially an expression of acute oxidative stress.
650 ## - SUBJECT ADDED ENTRY--TOPICAL TERM
Topical Term Hevea brasiliensis
650 ## - SUBJECT ADDED ENTRY--TOPICAL TERM
Topical Term Inhibition
650 ## - SUBJECT ADDED ENTRY--TOPICAL TERM
Topical Term Mevalonate pathway
650 ## - SUBJECT ADDED ENTRY--TOPICAL TERM
Topical Term Oxidative stress
650 ## - SUBJECT ADDED ENTRY--TOPICAL TERM
Topical Term TPD
700 ## - ADDED ENTRY--PERSONAL NAME
Personal name Annamalainathan K
700 ## - ADDED ENTRY--PERSONAL NAME
Personal name Jacob J
700 ## - ADDED ENTRY--PERSONAL NAME
Personal name Simon S P
856 ## - ELECTRONIC LOCATION AND ACCESS
Uniform Resource Identifier Reprint
942 ## - ADDED ENTRY ELEMENTS (KOHA)
Koha item type Journals
Holdings
Withdrawn status Lost status Damaged status Not for loan Home library Current library Shelving location Date acquired Koha item type
      Journals RRII Library RRII Library Physiology 31/01/2002 Journals